000 00847 a2200157 4500
003 NUST
005 20221207175943.0
040 _cNust
082 _a297,ALG
100 _a Al-Ghazali, M.
_9104380
245 _aMuslim Character /
_cM. Al-Ghazali
260 _aNew Delhi
_bAdam publishers and distributors
_c2005
300 _a260 p.:
505 _aPillars Of Islam And Moral Values (Page-5), Weakness Of Morals Proof Of Lack Of Faith (Page-11), An Ideal Personality (Page-18), Belonging Also To Paradise, Belonging Also To Hell (Page-35), Punishment For Moral Crimes (Page-49), The Entire Humanity Deserves Our Morality (Page-55), The Truth (Page-61), Trust And Honesty (Page-82), Fulfillment Of Promise (Page-100), Sincerity (Page-125), Etiquette Of Conversation (Page-144), Philanthropy And Benevolence (Page-254).
942 _2ddc
_cBK
_k297,ALG
999 _c193670
_d193670